| 000 | 01882nam a2200505 c 4500 | ||
|---|---|---|---|
| 001 | 17426 | ||
| 003 | ES-MaCES | ||
| 005 | 20150929135439.0 | ||
| 008 | 050407s2004 sp t o000 | spa d | ||
| 017 |
_aM 50242-2004 _bDL |
||
| 020 | _a8484171736 | ||
| 024 | 7 |
_a201-04-122-9 _2nipo |
|
| 035 | _aCES20050002978m | ||
| 040 |
_aES-MaCES _bspa _cES-MaCES |
||
| 041 | 1 |
_aspa _heng |
|
| 100 | 1 |
_aReinecke, Gerhard _921873 |
|
| 245 | 1 | 0 |
_aPolíticas para pequeñas empresas _b: crear el entorno adecuado para un empleo digno _cGerhard Reinecke, Simon White ; [traducción], Sabela Fernández Davila |
| 260 |
_aMadrid _bMinisterio de Trabajo y Asuntos Sociales, Subdirección General de Publicaciones _c[2004] |
||
| 300 |
_a253 p. _c22 cm |
||
| 490 | 1 |
_aColección Informes OIT _v69 |
|
| 500 | _aTraducción de: Policies for small enterprises, creating the right environment for good jobs | ||
| 500 | _aÍndices | ||
| 504 | _aBibliografía: p. 235-241 | ||
| 541 | _cGratuito | ||
| 650 | 4 |
_apequeña empresa _930173 |
|
| 650 | 4 |
_amicroempresa _930172 |
|
| 650 | 4 |
_apolítica laboral _928290 |
|
| 650 | 4 |
_apolítica económica _927025 |
|
| 650 | 4 |
_alegislación _927153 |
|
| 650 | 4 |
_alucha contra la pobreza _930648 |
|
| 650 | 4 |
_aevaluación del impacto _930732 |
|
| 650 | 4 |
_apaís en desarrollo _927092 |
|
| 650 | 4 |
_aestudio de casos _928846 |
|
| 653 | 1 | 0 | _aEmpresa |
| 650 | 4 |
_928300 _apolítica de empleo |
|
| 650 | 4 |
_929242 _acreación de empleos |
|
| 700 | 1 |
_aWhite, Simon _926250 |
|
| 700 | 1 |
_aFernández Dávila, Sabela _etr. _911800 |
|
| 710 | 1 |
_aEspaña _bMinisterio de Trabajo y Asuntos Sociales _eed. _93273 |
|
| 740 | 0 | 2 | _aPolicies for small enterprises, creating the right environment for good jobs |
| 830 | 0 |
_aColección Informes OIT _v69 _932372 |
|
| 902 | _aLIB Libro | ||
| 942 |
_2CES _cBK _h0.0. |
||
| 999 |
_c17426 _d17426 |
||